
Library Catalogue

| 000 -LEADER | |
|---|---|
| fixed length control field | 01716cam a22002895i 4500 |
| 001 - CONTROL NUMBER | |
| control field | 21906609 |
| 003 - CONTROL NUMBER IDENTIFIER | |
| control field | OSt |
| 005 - DATE AND TIME OF LATEST TRANSACTION | |
| control field | 20210415131641.0 |
| 008 - FIXED-LENGTH DATA ELEMENTS--GENERAL INFORMATION | |
| fixed length control field | 210216s2020 ii 000 0 eng |
| 010 ## - LIBRARY OF CONGRESS CONTROL NUMBER | |
| LC control number | 2020325617 |
| 020 ## - INTERNATIONAL STANDARD BOOK NUMBER | |
| International Standard Book Number | 9788180387548 |
| 025 ## - OVERSEAS ACQUISITION NUMBER | |
| Overseas acquisition number | I-E-2020325617 |
| 037 ## - SOURCE OF ACQUISITION | |
| Source of stock number/acquisition | Library of Congress -- New Delhi Overseas Office |
| 040 ## - CATALOGING SOURCE | |
| Original cataloging agency | DLC |
| Language of cataloging | eng |
| Description conventions | rda |
| Transcribing agency | DLC |
| 042 ## - AUTHENTICATION CODE | |
| Authentication code | lcode |
| 082 ## - DEWEY DECIMAL CLASSIFICATION NUMBER | |
| Classification number | 340.092 SOR-2 |
| 245 00 - TITLE STATEMENT | |
| Title | Nani Palkhivala : |
| Remainder of title | the courtroom genius / |
| Statement of responsibility, etc. | Soli J Sorabjee, Arvind P Datar. |
| 264 #1 - PRODUCTION, PUBLICATION, DISTRIBUTION, MANUFACTURE, AND COPYRIGHT NOTICE | |
| Place of production, publication, distribution, manufacture | Gurgaon, Haryana, India : |
| Name of producer, publisher, distributor, manufacturer | LexisNexis, |
| Date of production, publication, distribution, manufacture, or copyright notice | 2020. |
| 300 ## - PHYSICAL DESCRIPTION | |
| Extent | xxiii, 461 pages |
| 336 ## - CONTENT TYPE | |
| Content type term | text |
| Content type code | txt |
| Source | rdacontent |
| 337 ## - MEDIA TYPE | |
| Media type term | unmediated |
| Media type code | n |
| Source | rdamedia |
| 338 ## - CARRIER TYPE | |
| Carrier type term | volume |
| Carrier type code | nc |
| Source | rdacarrier |
| 505 ## - FORMATTED CONTENTS NOTE | |
| Formatted contents note | Contents:<br/>Chapters 1: Secrets of Palkhivala's Success;<br/>Chapters 2: Extraordinary Child and Lawyer by Accident ;<br/>Chapters 3: Meteoric Rise to Legal Stardom;<br/>Chapters 4: Palkhivala as Defendant: The Sampath lyengar Copyright Case;<br/>Chapters 5: Constitutional Law Cases: An Amazing Journey;<br/>Chapters 6: Income Tax Matters;<br/>Chapters 7: Indirect Taxes;<br/>Chapters 8: Labour Cases;<br/>Chapters 9: Representing India: International Cases;<br/>Appendix I: The Copyright Case:<br/>Appendix II: The Fundamental Rights Case: Propositions Submitted before the Supreme<br/>Court by N.A. Palkhivala;<br/>Appendix III: Letters to Mrs. Gandhi in June, 1975 & November, 1975<br/>Appendix IV: Important Written Submissions, Articles and the Bhopal Affidavit;<br/>Appendix V: Text of Articles 32 and 136 of the Constitution of India;<br/>Appendix VI: Selected Opinions;<br/>Subject Index.<br/> |
| 906 ## - LOCAL DATA ELEMENT F, LDF (RLIN) | |
| a | 7 |
| b | par |
| c | origode |
| d | 3 |
| e | ncip |
| f | 20 |
| g | y-gencatlg |
| 942 ## - ADDED ENTRY ELEMENTS (KOHA) | |
| Source of classification or shelving scheme | Dewey Decimal Classification |
| Koha item type | BOOKs |
| Withdrawn status | Lost status | Damaged status | Not for loan | Home library | Current library | Shelving location | Date acquired | Cost, normal purchase price | Total Checkouts | Full call number | Barcode | Date last seen | Date last checked out | Price effective from | Koha item type |
|---|---|---|---|---|---|---|---|---|---|---|---|---|---|---|---|
| . | . | Library Compactors | 30.05.2017 | 595.00 | 2 | 340.092 SOR-2 | 26790 | 30.07.2025 | 29.07.2025 | 30.05.2017 | BOOKs |